[Event "VEN-ch U17"]
[Site "Caracas"]
[Date "2019.08.07"]
[Round "2"]
[White "Gonzalez Morales, Angel Luis"]
[Black "Romero Marino, Samuel David"]
[Result "1-0"]
[WhiteElo "2016"]
[BlackElo "1881"]
[PlyCount "71"]
[EventDate "2019.08.07"]
[EventType "swiss"]
[EventRounds "9"]
[EventCountry "VEN"]
[SourceTitle "EXT 2020"]
[Source "ChessBase"]
[SourceDate "2019.10.17"]
[SourceVersion "1"]
[SourceVersionDate "2019.10.17"]
[SourceQuality "1"]

1. d4 e6 2. Bf4 Nf6 3. Nf3 d5 4. e3 c5 5. c3 Be7 6. Nbd2 0-0 7. Bd3 b6 8. Qe2 Bb7 9. g4 Ne4 10. h4 cxd4 11. exd4 f5 12. Ng5 Bxg5 13. hxg5 g6 14. Rh4 Nc6 15. gxf5 exf5 16. 0-0-0 Re8 17. Bxe4 fxe4 18. Rdh1 Re7 19. Nf1 Qe8 20. Qe3 Ba6 21. Nh2 Qd7 22. Ng4 Rf8 23. Nf6+ Rxf6 24. gxf6 Rf7 25. Bg5 h5 26. Qf4 Qc8 27. Qe3 Nb4 28. f3 Nd3+ 29. Kb1 exf3 30. Qxf3 Qc6 31. Rxh5 gxh5 32. Qxh5 Rxf6 33. Bxf6 Qxf6 34. Qe8+ Kg7 35. Qh8+ Kf7 36. Rh7+ 1-0

[Event "Valencia Amazonas"]
[Site "Valencia"]
[Date "2018.07.01"]
[Round "4.1"]
[White "Gonzalez Morales, Angel Luis"]
[Black "Hernandez Bonilla, Amelia"]
[Result "1/2-1/2"]
[WhiteElo "2076"]
[BlackElo "2027"]
[PlyCount "107"]
[EventDate "2018.06.30"]
[EventType "schev"]
[EventRounds "6"]
[EventCountry "VEN"]
[SourceTitle "EXT 2019"]
[Source "ChessBase"]
[SourceDate "2018.10.10"]
[SourceVersion "1"]
[SourceVersionDate "2018.10.10"]
[SourceQuality "1"]
[WhiteTeam "Venezuela Inv"]
[BlackTeam "Venezuela Olympic (Women)"]
[WhiteTeamCountry "VEN"]
[BlackTeamCountry "VEN"]

1. Nf3 Nf6 2. d4 e6 3. Bg5 d5 4. e3 c5 5. c3 Nc6 6. Bd3 h6 7. Bf4 Be7 8. Nbd2 0-0 9. h4 b6 10. Ne5 Bb7 11. g4 Nxe5 12. dxe5 Ne4 13. g5 hxg5 14. hxg5 g6 15. Qf3 Kg7 16. Bxe4 dxe4 17. Rh7+ Kxh7 18. Qh3+ Kg8 19. 0-0-0 Bxg5 20. Rh1 Bh4 21. Qg4 Bf6 22. exf6 Qxf6 23. Qh3 Qg7 24. Bh6 Qf6 25. Nc4 Qf3 26. Qh4 Qh5 27. Qxh5 gxh5 28. Rxh5 Rad8 29. Rh2 f6 30. Rg2+ Kh7 31. Bxf8 Rxf8 32. Rg4 f5 33. Rh4+ Kg7 34. Rh5 Rh8 35. Rxh8 Kxh8 36. Na3 Ba6 37. c4 Kg7 38. Kd2 Kf6 39. b3 e5 40. Nb1 Bb7 41. Nc3 Ke6 42. Nb5 a6 43. Nc3 Bc6 44. a4 Kd6 45. Ke2 Be8 46. Ke1 Bc6 47. Kf1 Bd7 48. Kg2 Kc7 49. Kg3 b5 50. Kh4 bxc4 51. bxc4 Kd6 52. a5 Be6 53. Kg5 Bxc4 54. Kxf5 1/2-1/2

[Event "VEN-ch U20"]
[Site "Maracay"]
[Date "2018.05.31"]
[Round "4"]
[White "Gonzalez Morales, Angel Luis"]
[Black "Benavides Montenegro, Maicol Alexander"]
[Result "1/2-1/2"]
[WhiteElo "2076"]
[BlackElo "2141"]
[PlyCount "50"]
[EventDate "2018.05.31"]
[EventType "swiss"]
[EventRounds "7"]
[EventCountry "VEN"]
[SourceTitle "EXT 2019"]
[Source "ChessBase"]
[SourceDate "2018.10.10"]
[SourceVersion "1"]
[SourceVersionDate "2018.10.10"]
[SourceQuality "1"]

1. Nf3 Nf6 2. d4 g6 3. Bg5 Bg7 4. e3 0-0 5. Bd3 d6 6. c3 b6 7. Nbd2 Bb7 8. Qc2 c5 9. 0-0 Nbd7 10. Rfe1 Qc7 11. Rad1 a6 12. Qb1 e5 13. dxe5 dxe5 14. Ne4 c4 15. Nxf6+ Bxf6 16. Bf5 Bxf3 17. gxf3 Bxg5 18. Bxd7 Rad8 19. Bh3 b5 20. Rxd8 Rxd8 21. Rd1 Rd6 22. Qc2 Qd8 23. Rxd6 Qxd6 24. Bf1 f5 25. b3 cxb3 1/2-1/2

[Event "VEN-ch U20"]
[Site "Maracay"]
[Date "2018.05.31"]
[Round "5"]
[White "Ledezma Villamizar, Gabriel Enrique"]
[Black "Gonzalez Morales, Angel Luis"]
[Result "0-1"]
[WhiteElo "2044"]
[BlackElo "2076"]
[PlyCount "122"]
[EventDate "2018.05.31"]
[EventType "swiss"]
[EventRounds "7"]
[EventCountry "VEN"]
[SourceTitle "EXT 2019"]
[Source "ChessBase"]
[SourceDate "2018.10.10"]
[SourceVersion "1"]
[SourceVersionDate "2018.10.10"]
[SourceQuality "1"]

1. e4 Nc6 2. Nf3 d6 3. Bb5 Bd7 4. d4 a6 5. Ba4 h6 6. c3 g6 7. 0-0 Bg7 8. h3 e5 9. Re1 Nge7 10. Be3 0-0 11. Nbd2 Rc8 12. Nf1 b5 13. Bc2 Na5 14. dxe5 dxe5 15. b3 Be6 16. Qxd8 Rcxd8 17. Red1 Rfe8 18. Ne1 f5 19. f3 f4 20. Bf2 Rxd1 21. Rxd1 Nec6 22. Nd3 Nb7 23. a4 bxa4 24. bxa4 Bf8 25. Rb1 Nba5 26. Bc5 Bd6 27. Bxd6 cxd6 28. Rb6 Rb8 29. Rxb8+ Nxb8 30. Nb4 Nb7 31. Nd2 a5 32. Nd5 Bxd5 33. exd5 Kf7 34. Nc4 Na6 35. h4 Nac5 36. h5 gxh5 37. Kh2 Kf6 38. Kh3 Kg5 39. Nb6 h4 40. Nc4 Nd7 41. Be4 Nf6 42. Nb6 Nxe4 43. fxe4 f3 44. gxf3 Kf4 45. Nd7 Kxf3 46. Nf6 Nc5 47. c4 Nxe4 48. Nd7 Ng5+ 49. Kxh4 e4 50. c5 e3 51. cxd6 e2 52. Ne5+ Ke4 53. d7 e1Q+ 54. Kh5 Kxe5 55. d8Q Qe2+ 56. Kg6 Qe4+ 57. Kh5 Qf5 58. Kh4 Qe4+ 59. Kh5 Qf5 60. Kxh6 Qf6+ 61. Kh5 Qh6+ 0-1

[Event "VEN-chT Liga Superior qual"]
[Site "Caracas"]
[Date "2018.01.27"]
[Round "4.1"]
[White "Gonzalez Morales, Angel Luis"]
[Black "Ramirez Gonzalez, Mauricio"]
[Result "0-1"]
[WhiteElo "1919"]
[BlackElo "2118"]
[PlyCount "64"]
[EventDate "2018.01.26"]
[EventType "team-swiss"]
[EventRounds "6"]
[EventCountry "VEN"]
[SourceTitle "EXT 2022"]
[Source "ChessBase"]
[SourceDate "2021.10.06"]
[SourceVersion "1"]
[SourceVersionDate "2021.10.06"]
[SourceQuality "1"]
[WhiteTeam "IQ Zone"]
[BlackTeam "Fransheskawhite"]
[WhiteTeamCountry "VEN"]
[BlackTeamCountry "VEN"]

1. Nf3 c5 2. c3 d5 3. d4 e6 4. Bf4 Nc6 5. e3 f5 6. Bd3 Nf6 7. Nbd2 Bd6 8. 0-0 0-0 9. Ne5 Bxe5 10. Bxe5 Nxe5 11. dxe5 Ng4 12. Nf3 Qc7 13. Qe2 Nxe5 14. Nxe5 Qxe5 15. f4 Qf6 16. Qh5 Bd7 17. g4 c4 18. Bc2 Qg6 19. Qxg6 hxg6 20. Kg2 b5 21. a3 a5 22. Kg3 Rfb8 23. Rad1 Bc6 24. Rd2 Rb7 25. Kh4 Kf7 26. Kg5 Rh8 27. h4 Rh6 28. Rh1 Rb8 29. Rdh2 Ke7 30. Rg1 Rbh8 31. h5 Be8 32. Rd2 Rxh5+ 0-1

[Event "VEN-chT Liga Superior qual"]
[Site "Caracas"]
[Date "2018.01.26"]
[Round "1.5"]
[White "Gonzalez Morales, Angel Luis"]
[Black "Benavides Montenegro, Maicol Alexander"]
[Result "1/2-1/2"]
[WhiteElo "1919"]
[BlackElo "2082"]
[PlyCount "73"]
[EventDate "2018.01.26"]
[EventType "team-swiss"]
[EventRounds "6"]
[EventCountry "VEN"]
[SourceTitle "EXT 2022"]
[Source "ChessBase"]
[SourceDate "2021.10.06"]
[SourceVersion "1"]
[SourceVersionDate "2021.10.06"]
[SourceQuality "1"]
[WhiteTeam "IQ Zone"]
[BlackTeam "Lo&Ar Taem Galletero"]
[WhiteTeamCountry "VEN"]
[BlackTeamCountry "VEN"]

1. Nf3 Nf6 2. d4 g6 3. Bg5 Bg7 4. Nbd2 0-0 5. e3 d6 6. Bd3 Nbd7 7. c3 c6 8. Qc2 Qc7 9. h4 h6 10. h5 gxh5 11. Bh4 c5 12. 0-0-0 cxd4 13. exd4 b6 14. Ne4 Nd5 15. Ng3 N7f6 16. Bxf6 Nxf6 17. Nxh5 Nxh5 18. Rxh5 Bg4 19. Rh4 Qd7 20. Rdh1 Bxf3 21. gxf3 f5 22. Rg1 Rf6 23. Qe2 e6 24. Qe3 Kh7 25. d5 e5 26. Qg5 Raf8 27. Bb5 Qf7 28. Qd2 Rg6 29. Rgh1 Qf6 30. Kb1 Qf7 31. Bc6 e4 32. f4 Rg8 33. Qe3 Bf6 34. R4h2 Rg1+ 35. Kc2 Rxh1 36. Rxh1 Rg4 37. Rh3 1/2-1/2

[Event "Turmero Bustamante Memorial 3rd"]
[Site "Turmero"]
[Date "2017.09.02"]
[Round "1"]
[White "Lombano Adarmes, Bryan Alexander"]
[Black "Gonzalez Morales, Angel Luis"]
[Result "0-1"]
[WhiteElo "1277"]
[BlackElo "1974"]
[PlyCount "56"]
[EventDate "2017.09.02"]
[EventType "swiss"]
[EventRounds "5"]
[EventCountry "VEN"]
[SourceTitle "EXT 2019"]
[Source "ChessBase"]
[SourceDate "2018.10.10"]
[SourceVersion "1"]
[SourceVersionDate "2018.10.10"]
[SourceQuality "1"]

1. d4 Nf6 2. c4 g6 3. Nc3 Bg7 4. e4 d6 5. Bd3 e5 6. d5 Nbd7 7. Be3 b6 8. Nge2 a5 9. a4 0-0 10. 0-0 Ng4 11. Ng3 Qh4 12. h3 Nxe3 13. fxe3 Qxg3 14. Rf3 Qh4 15. Qd2 Nc5 16. Bc2 Bd7 17. Raf1 f6 18. Nb5 Bxb5 19. cxb5 Nxe4 20. Qc1 Ng5 21. R3f2 Qg3 22. Kh1 f5 23. Bd1 e4 24. Qxc7 Be5 25. Rf4 Qxe3 26. Rh4 Qg3 27. Rhf4 Bxf4 28. Rxf4 Qxf4 0-1

[Event "Valencia Alcance op"]
[Site "Valencia"]
[Date "2017.08.05"]
[Round "5"]
[White "Vilchez Barboza, Henry Roberto"]
[Black "Gonzalez Morales, Angel Luis"]
[Result "0-1"]
[WhiteElo "1727"]
[BlackElo "1974"]
[PlyCount "64"]
[EventDate "2017.08.04"]
[EventType "swiss"]
[EventRounds "7"]
[EventCountry "VEN"]
[SourceTitle "EXT 2018"]
[Source "ChessBase"]
[SourceDate "2017.10.13"]
[SourceVersion "1"]
[SourceVersionDate "2017.10.13"]
[SourceQuality "1"]

1. e4 Nc6 2. d4 e5 3. d5 Nce7 4. Nf3 Ng6 5. Bd3 Nf6 6. 0-0 Bc5 7. c4 0-0 8. b3 d6 9. Be3 b6 10. Qd2 h6 11. b4 Bxe3 12. Qxe3 a5 13. b5 Nh5 14. Re1 Qf6 15. a4 Ngf4 16. Bf1 g5 17. Nc3 g4 18. Nd2 Kh7 19. Ne2 Bd7 20. Ng3 Rg8 21. Nxh5 Nxh5 22. Be2 Nf4 23. g3 Rg6 24. Nf1 Re8 25. Ra2 Qg5 26. gxf4 exf4 27. Qc1 Re5 28. Bd3 Rf6 29. Bb1 Qh4 30. Qd2 f3 31. Bd3 Qh3 32. Ne3 Rh5 0-1

[Event "Valencia Alcance op"]
[Site "Valencia"]
[Date "2017.08.04"]
[Round "1"]
[White "Gonzalez Morales, Angel Luis"]
[Black "Sanchez Alvarez, Kelvin Antonio"]
[Result "0-1"]
[WhiteElo "1974"]
[BlackElo "2273"]
[PlyCount "104"]
[EventDate "2017.08.04"]
[EventType "swiss"]
[EventRounds "7"]
[EventCountry "VEN"]
[SourceTitle "EXT 2018"]
[Source "ChessBase"]
[SourceDate "2017.10.13"]
[SourceVersion "1"]
[SourceVersionDate "2017.10.13"]
[SourceQuality "1"]

1. e4 e5 2. Nf3 Nc6 3. Bb5 a6 4. Bxc6 dxc6 5. 0-0 f6 6. d4 exd4 7. Nxd4 c5 8. Nb3 Qxd1 9. Rxd1 Be6 10. Bf4 Rc8 11. Nc3 g5 12. Be3 b6 13. f4 gxf4 14. Bxf4 Ne7 15. Nd5 Nxd5 16. exd5 Bf5 17. Rd2 Kd7 18. Re1 Be7 19. Bxc7 Rxc7 20. Rxe7+ Kxe7 21. d6+ Ke6 22. dxc7 Rc8 23. Kf2 Rxc7 24. Kf3 Ke7 25. Kf4 Be6 26. Nc1 a5 27. a3 b5 28. c3 b4 29. axb4 cxb4 30. Ne2 Rc4+ 31. Rd4 b3 32. Ke3 a4 33. Kd2 Rxd4+ 34. Nxd4 Bd5 35. g3 Bc4 36. Nf5+ Ke6 37. Ne3 Bb5 38. c4 Be8 39. Kc3 Ke5 40. Ng4+ Kf5 41. Nf2 Ke5 42. Ng4+ Ke6 43. Nf2 h5 44. Nd3 Kf5 45. Nf2 Ke5 46. Nd3+ Ke4 47. Nf4 Kf3 48. Nd5 f5 49. Kd4 Kg2 50. Ne3+ Kxh2 51. Nxf5 a3 52. Nh4 a2 0-1